|
|
|
|
| LEADER |
01305Cam#a22003255a#4500 |
| 001 |
020228 |
| 005 |
20160721155238.0 |
| 008 |
080825s2005### sp ad f#b #000|0#spa#d |
| 020 |
|
|
|a 8460969673
|
| 040 |
|
|
|a AR-BeUNQ
|
| 082 |
0 |
4 |
|a 615.851
|2 21
|
| 099 |
|
|
|a 615.851 ACT
|
| 245 |
0 |
3 |
|a El análisis y la adaptación de la actividad en terapia ocupacional /
|c Pilar Gª-Margallo Ortiz de Zárate ... [et al.].
|
| 260 |
|
|
|a Madrid :
|b Aytona,
|c c2005.
|
| 300 |
|
|
|a 231 p. :
|b il. gráficos ;
|c 24 cm.
|
| 504 |
|
|
|a Bibliografía: p. 228-231.
|
| 650 |
|
7 |
|a Adaptación (Psicología)
|2 spines
|
| 650 |
|
7 |
|a Actividad motriz
|2 spines
|
| 650 |
|
7 |
|a Terapeutica
|2 spines
|
| 650 |
|
7 |
|a Terapia ocupacional
|2 toit
|
| 653 |
|
|
|a Psicomotricidad
|
| 700 |
1 |
|
|a García-Margallo Ortiz de Zárate, Pilar
|e aut
|4 aut
|
| 700 |
1 |
|
|a Navas Morales, Isabel
|e aut
|4 aut
|
| 700 |
1 |
|
|a San Juan Jiménez, María
|e aut
|4 aut
|
| 700 |
1 |
|
|a Jorquera Cabrera, Sara
|e aut
|4 aut
|
| 929 |
|
|
|a DONACION
|b Proveniente de: Lic. en Terapia Ocupacional
|d 0
|e 20080811
|f PAT0024573
|g P95
|j 42388
|
| 929 |
|
|
|a DONACION
|b Proveniente de: Lic. en Terapia Ocupacional
|d 0
|e 20080811
|f PAT0024574
|g P95
|j 42389
|
| 929 |
|
|
|a DONACION
|b Proveniente de: Lic. en Terapia Ocupacional
|d 0
|e 20080811
|f PAT0024575
|g P95
|j 42390
|
| 942 |
|
|
|c LIB
|n 0
|
| 999 |
|
|
|c 19933
|d 95320
|